| 000 | 01456nam a22003255a 4500 | ||
|---|---|---|---|
| 003 | OSt | ||
| 005 | 20170814122012.0 | ||
| 008 | 170719s2013 ua grb f100 0bara d | ||
| 017 | _a2013 / 19281 | ||
| 020 | _a9789777185233 | ||
| 040 |
_aEG-ScBUE _bara _cEG-ScBUE |
||
| 043 | _ama----- | ||
| 082 | 0 | 4 |
_a303.4825601821 _bث ق ا _222 |
| 111 | 2 |
_aالثقافة الاستراتيجية والمبادرة الحضارية. _bندوة علمية _d(2010 : _cالجيزة، مصر) |
|
| 245 | 0 | 2 |
_aالثقافة الاستراتيجية والمبادرة الحضارية : _bقراءة في المشروع الفكري للأستاذ السيد يسين : ندوة علمية 3-4 مارس 2010 / _cإشراف علمي وتنسيق نادية مصطفى ، محمد صفار. |
| 250 | _aط. 1. | ||
| 260 |
_aالقاهرة : _bالمجلس الأعلى للثقافة، _c2013. |
||
| 300 |
_a385 ص. ؛ _c24 سم. |
||
| 504 | _aيشتمل على إرجاعات ببليوجرافية. | ||
| 590 | _aWessam | ||
| 600 | 1 | 7 |
_aيسين، السيد. _2BUEsh |
| 610 | 2 | 7 |
_aمجلس الأعلى للثقافة (مصر) _2BUEsh |
| 650 | 7 |
_aالحضارة العربية _vمؤتمرات. _2BUEsh |
|
| 650 | 7 |
_aالثقافة العربية _vمؤتمرات. _2BUEsh |
|
| 651 | _2BUEsh | ||
| 653 |
_bGGEN _cJuly2017 |
||
| 700 | 1 |
_aمصطفى، نادية، _eمشرف، _eمنسق. |
|
| 700 | 1 |
_aصفار، محمد، _eمشرف، _eمنسق. |
|
| 942 | _2ddc | ||
| 999 |
_c25051 _d25023 |
||